000 00531cam a2200205 4500
008 090401t1990 xxu||||| |||| 00| 0 eng d
020 _a056602845X
035 _a(Sirsi) u32884
041 _aeng
050 _a658.404
100 _aLock, Dennis
245 _aProject planner
260 _aAldershot,Hants
_bGower
_c1990
300 _alv. (loose-leaf) ; 31cm.
350 _a95
520 _aIncludes 130p. booklet in pocket inside folder.
650 _aMANAGEMENT-PROJECT MANAGEMENT
942 _n0
948 _c04/03/1997
999 _c89767
_d89767